00296nam a22000857a 4500020001800000100002300018245006600041264008300107300002000190 a97899456439921 aMilton Ray Guevara0 aDiscursos del presidente del Tribunal Constitucional, vol. IV aSanto Domingo :bTribunal Constitucional de la República Dominicana, c2023. a726 páginas ;